Normal view
MARC view
Entry Topical Term
001 - CONTROL NUMBER
- control field: 12750
003 - CONTROL NUMBER IDENTIFIER
- control field: HDC
005 - DATE AND TIME OF LATEST TRANSACTION
- control field: 20230624073405.0
008 - FIXED-LENGTH DATA ELEMENTS
- fixed length control field: 210209|| aca||aabn | a|a d
040 ## - CATALOGING SOURCE
- Original cataloging agency: HDC
- Transcribing agency: HDC
150 ## - HEADING--TOPICAL TERM
- Topical term or geographic name entry element: Growth patterns
670 ## - SOURCE DATA FOUND
- Source citation: Work cat.: (HDC): Baki Hj Bakar, author 12749, The population biology of wrinklegrass (Ischaemum rugosum Salisb.) - Seed and seedling dynamics /, 2003
